000 00394 a2200145 4500
005 20250313141654.0
020 _a0-471-02763-4
082 _a389.152 WHI
100 _aWHITMAN, N.C.
245 _aThe Metric System: A Laboratory Approach for Teachers
260 _aNew York
_bJohn Wiley & Sons
_c1978
300 _ax, 143p., ill., tables
_bIndex
_c22cm.
700 _aBRAUN, F.G.
942 _2ddc
_cBKS
999 _c563
_d563